Marketingové znalosti v ére "Nového marketingu"

Hodnotenie dôsledkov vývoja marketingovej praxe na výskum a formovanie obsahu marketingového vzdelávania. Hodnotenia získané z viacerých zdrojov naznačujú, že marketingoví manažéri našich podnikov nie sú dostatočne pripravení na tzv. nový marketing. Zmeny marketingového prostredia vyžadujú prehodnot...

Celý popis

Uložené v:
Podrobná bibliografia
Hlavný autor: Lesáková, Dagmar, 1949-
Médium: Kapitola
Jazyk:Slovak
Predmet:
Tagy: Pridať tag
Žiadne tagy, Buďte prvý, kto otaguje tento záznam!

MARC

LEADER 00000naa$a2200000$$$4500
001 0050160
005 20240717095517.9
041 0 |a slo 
044 |a CZ 
245 1 0 |a Marketingové znalosti v ére "Nového marketingu"  |c Dagmar Lesáková 
520 |a Hodnotenie dôsledkov vývoja marketingovej praxe na výskum a formovanie obsahu marketingového vzdelávania. Hodnotenia získané z viacerých zdrojov naznačujú, že marketingoví manažéri našich podnikov nie sú dostatočne pripravení na tzv. nový marketing. Zmeny marketingového prostredia vyžadujú prehodnotenie tradičných téz marketingu s ohľadom na podstatu / povahu znalostí požadovaných modernou marketingovou praxou. V príspevku sú prezentované základné kompetencie, ktorými by mal disponovať marketingový manažér v ére tzv. nového marketingu. 
610 2 0 |a marketing 
610 2 0 |a informácie 
610 2 0 |a výskum 
610 2 0 |a vzdelávanie 
610 2 0 |a manažéri 
100 1 |a Lesáková, Dagmar, 1949-